Logo na U - Statystyki

Ogólne statystyki
  • Ten quiz został rozwiązany 27 razy
  • Średni wynik to 6 z 12
Statystyki odpowiedzi
Obrazkowy Hint Odpowiedź % Poprawnych
Dostawy Uber Eats
73%
Działalność charytatywna Unicef
73%
Internet UPC
73%
Kurier UPS
73%
Urząd Urząd Ochrony Konkurencji i Konsumentów
59%
Organizacja Unia Europejskich Związków Piłkarskich
55%
Gry komputerowe Ubisoft
50%
Program telewizyjny Ukryta Prawda
50%
Organizacja Unesco
41%
Ciągniki rolnicze Ursus
36%
System Ubuntu
23%
Farmaceutyka USP Zdrowie
14%
Nie znaleziono quizów pasujących do podanych kryteriów
Rozkład punktacji
Procent ludzi z każdym wynikiem
Percentyl według liczby udzielonych odpowiedzi
Twoja historia wyników
Nie rozwiązałeś tego quizu